3 and a half murders / (Record no. 2768)

MARC details
000 -LEADER
fixed length control field 01782cam a22003737i 4500
001 - CONTROL NUMBER
control field 2768
003 - CONTROL NUMBER IDENTIFIER
control field FISKH
005 - DATE AND TIME OF LATEST TRANSACTION
control field 20240112153433.0
008 - FIXED-LENGTH DATA ELEMENTS--GENERAL INFORMATION
fixed length control field 170306t20172017ii 000 1 eng
010 ## - LIBRARY OF CONGRESS CONTROL NUMBER
LC control number 2016363058
020 ## - INTERNATIONAL STANDARD BOOK NUMBER
International Standard Book Number 9788175994256
025 ## - OVERSEAS ACQUISITION NUMBER
Overseas acquisition number I-E-2016363058; 26-90
037 ## - SOURCE OF ACQUISITION
Source of stock number/acquisition Library of Congress -- New Delhi Overseas Office
040 ## - CATALOGING SOURCE
Original cataloging agency DLC
Language of cataloging eng
Description conventions rda
Transcribing agency DLC
Modifying agency DLC
042 ## - AUTHENTICATION CODE
Authentication code lcode
050 00 - LIBRARY OF CONGRESS CALL NUMBER
Classification number MLCS 2017/50051 (P)
082 ## - DEWEY DECIMAL CLASSIFICATION NUMBER
Classification number Fic
100 1# - MAIN ENTRY--PERSONAL NAME
Personal name Desai, Salil,
Relator term author.
245 10 - TITLE STATEMENT
Title 3 and a half murders /
Statement of responsibility, etc. Salil Desai.
246 30 - VARYING FORM OF TITLE
Title proper/short title Three and a half murders
264 #1 - PRODUCTION, PUBLICATION, DISTRIBUTION, MANUFACTURE, AND COPYRIGHT NOTICE
Place of production, publication, distribution, manufacture New Delhi :
Name of producer, publisher, distributor, manufacturer Fingerprint,
Date of production, publication, distribution, manufacture, or copyright notice [2017]
264 #4 - PRODUCTION, PUBLICATION, DISTRIBUTION, MANUFACTURE, AND COPYRIGHT NOTICE
Date of production, publication, distribution, manufacture, or copyright notice 2017
300 ## - PHYSICAL DESCRIPTION
Extent 327 pages ;
Dimensions 20 cm.
336 ## - CONTENT TYPE
Content type term text
Content type code txt
Source rdacontent
337 ## - MEDIA TYPE
Media type term unmediated
Media type code n
Source rdamedia
338 ## - CARRIER TYPE
Carrier type term volume
Carrier type code nc
Source rdacarrier
490 0# - SERIES STATEMENT
Series statement Inspector Saralkar mystery series
500 ## - GENERAL NOTE
General note Novel.
520 ## - SUMMARY, ETC.
Summary, etc. When the case comes their way, Senior Inspector Saralkar has just been diagnosed with hypertension and PSI Motkar is busy with rehearsals of an amateur play. What appears at first to be a commonplace crime by a debt-ridden, cuckolded husband, who has killed his unfaithful wife and then hung himself, soon begins to unfold as a baffling mystery. As clues point to a seven-year-old unsolved murder in Bangalore and other leads emerge closer home, Saralkar and Motkar find themselves investigating shady secrets, bitter grudges, fishy land deals, carnal desires, the dead woman Anushka Doshi’ s sinister obsession with past life regression and her husband’ s links to a suspicious, small-time god-man, Rangdev Baba.
530 ## - ADDITIONAL PHYSICAL FORM AVAILABLE NOTE
Additional physical form available note Also available as an e-book.
906 ## - LOCAL DATA ELEMENT F, LDF (RLIN)
a 7
b cbc
c origode
d 4
e ncip
f 20
g y-gencatlg
942 ## - ADDED ENTRY ELEMENTS (KOHA)
Source of classification or shelving scheme Library of Congress Classification
Koha item type Books
Suppress in OPAC No
Holdings
Withdrawn status Lost status Source of classification or shelving scheme Damaged status Not for loan Collection Home library Current library Shelving location Date acquired Total Checkouts Full call number Barcode Date last seen Price effective from Koha item type
    Dewey Decimal Classification     Fiction Footprints International School Library Network Toul Kork Campus Footprints International School Library Network Toul Kork Campus   01/12/2024   DES Fic MLCS 2017/50051 (P) 2024-0027 01/12/2024 01/12/2024 Books